000 00282nam a22001337a 4500
008 171031b xxu||||| |||| 00| 0 eng d
020 _a9781576753781
041 _aeng
080 _a33
100 _a59
101 _aBUS
245 _aTRU TO YOURSELF
_cALBION,M
942 _2udc
_cBK
999 _c36905
_d36905